Child care: toward what kind of social Europe

Zapisane w:
Opis bibliograficzny
1. autor: Mahon, Rianne
Format: Texto
Wydane: Oxford University Press
Hasła przedmiotowe:
Etykiety: Dodaj etykietę
Nie ma etykietki, Dołącz pierwszą etykiete!

MARC

LEADER 00000 a a2200000 04500
001 32722
003
040
090 |a 203600  
100 |a Mahon, Rianne  
245 |a Child care: toward what kind of social Europe  
260 |a Oxford University Press  
300 |a pp. 343-379  
500 |a Publicado en: Social Politics vol. 9 n.3 Verano 2002  
650 |a SERVICIOS DE CUIDADOS DE NIÑOS  
650 |a EQUIDAD SOCIAL  
650 |a UNION EUROPEA  
650 |a PLANIFICACION DE LA EDUCACION  
650 |a POLITICA FAMILIAR  
650 |a ECONOMIA DEL BIENESTAR  
650 |a IGUALDAD DE GENERO  
650 |a DESARROLLO DEL NIÑO  
650 |a SISTEMA SOCIAL  
650 |a CAMBIO SOCIAL  
650 |a EDUCACION DE LA MUJER  
650 |a ESTADISTICAS DEL TRABAJO  
650 |a ESTADISTICAS DE LA EDUCACION  
999 |c 16231  |d 16231